书目信息 |
| 题名: |
游戏的治愈力量
|
|
| 作者: | 吉尔 , Gil 著 | |
| 分册: | ||
| 出版信息: | 台北 心理出版社股份有限公司 2005 |
|
| 页数: | 269页 | |
| 开本: | 21cm | |
| 丛书名: | 心理治疗系列 | |
| 单 册: | ||
| 中图分类: | B844.1 , R749.055 | |
| 科图分类: | ||
| 主题词: | 儿童--游戏--精神疗法 | |
| 电子资源: | ||
| ISBN: | 957-702-787-3 | |
| 000 | 01142oam2 2200289 450 | |
| 001 | 1534220815 | |
| 005 | 20150201142345.15 | |
| 010 | @a957-702-787-3@dTWD300.00 | |
| 100 | @a20090706d2005 em y0chiy0110 ea | |
| 101 | 0 | @achi@ceng@feng |
| 102 | @aCT@b710000 | |
| 105 | @ay z 001yy | |
| 200 | 1 | @a游戏的治愈力量@9You Xi De Zhi Yu Li Liang@e受虐儿童的治疗工作@EShou Nue Er Tong De Zhi Liao Gong Zuo@dThe healing power of play@eworking with abused children@f(美)莉安娜·吉儿(Eliana Gil)著@F( Mei ) Li An Na· Ji Er (Eliana Gil) Zhu@g林巧翊译@zeng |
| 210 | @a台北@c心理出版社股份有限公司@d2005 | |
| 215 | @a269页@d21cm | |
| 225 | 2 | @a心理治疗系列@v63 |
| 304 | @a著者通译:艾莉安娜·吉尔 | |
| 330 | @a本书描述了治疗师如何促进有建设性的游戏治疗,并介入创伤后游戏,以协助因虐待或疏忽而受创的孩子获得正向的解决。 | |
| 461 | 0 | @12001 @a心理治疗系列 |
| 510 | 1 | @aHealing power of play@eworking with abused children@zeng |
| 606 | 0 | @a儿童@x游戏@x精神疗法 |
| 690 | @aB844.1@v5 | |
| 690 | @aR749.055@v5 | |
| 701 | 1 | @a吉尔@9Ji Er@b艾莉安娜@4著 |
| 701 | 1 | @aGil@bEliana@4著 |
| 801 | 0 | @aCN@bTSSF@c20150201 |
| 905 | @aZUCC@dB844.1@eJY50 | |
| 游戏的治愈力量:受虐儿童的治疗工作=The healing power of play:working with abused children/(美)莉安娜·吉儿(Eliana Gil)著/林巧翊译.-台北:心理出版社股份有限公司,2005 |
| 269页;21cm.-(心理治疗系列;63) |
| ISBN 957-702-787-3:TWD300.00 |
| 本书描述了治疗师如何促进有建设性的游戏治疗,并介入创伤后游戏,以协助因虐待或疏忽而受创的孩子获得正向的解决。 |
| ● |
| 相关链接 |
|
|
|
|
正题名:游戏的治愈力量
索取号:B844.1/JY50
 
预约/预借
| 序号 | 登录号 | 条形码 | 馆藏地/架位号 | 状态 | 备注 |
| 1 | 7864320 | 278643201 | 学院路分馆/ [索取号:B844.1/JY50] | 在馆 | |
| 2 | 7864321 | 278643210 | 学院路分馆/ [索取号:B844.1/JY50] | 在馆 |